|
|
|
|
| LEADER |
00000nam0a2200000 4500 |
| 001 |
58802 |
| 005 |
20231031055346.0 |
| 010 |
|
|
|a 5786700607
|
| 010 |
|
|
|a 5-94849-095-5
|
| 035 |
|
|
|a (RuTPU)RU\TPU\book\62120
|
| 090 |
|
|
|a 58802
|
| 100 |
|
|
|a 20031208d2002 m y0rusy50 ca
|
| 101 |
0 |
|
|a rus
|
| 102 |
|
|
|a RU
|
| 105 |
|
|
|a y z 001zy
|
| 200 |
1 |
|
|a Россия, которой не было - 2. Русская Атлантида
|f А. А. Бушков, А. М. Буровский
|
| 210 |
|
|
|a Красноярск
|c Бонус
|a Москва
|c Олма-Пресс
|d 2002
|
| 215 |
|
|
|a 512 с.
|
| 225 |
1 |
|
|a Досье
|
| 320 |
|
|
|a Библиогр.: с. 502-507.
|
| 610 |
1 |
|
|a история
|
| 610 |
1 |
|
|a Россия
|
| 610 |
1 |
|
|a славяне
|
| 610 |
1 |
|
|a Древняя Русь
|
| 610 |
1 |
|
|a Московское государство
|
| 610 |
1 |
|
|a Литва
|
| 610 |
1 |
|
|a 14 век
|
| 610 |
1 |
|
|a 15 век
|
| 610 |
1 |
|
|a 16 век
|
| 686 |
|
|
|a Т3(2)0
|v LBC/SL-A
|2 rubbk
|
| 700 |
|
1 |
|a Бушков
|b А. А.
|g Александр Александрович
|
| 701 |
|
1 |
|a Буровский
|b А. М.
|g Андрей Михайлович
|
| 801 |
|
1 |
|a RU
|b 63413507
|c 20031208
|g PSBO
|
| 801 |
|
2 |
|a RU
|b 63413507
|c 20110718
|g PSBO
|
| 942 |
|
|
|c BK
|